Bases conceptuales de la gestión socialmente responsable la superación ética de los criterios pragmáticos y utilitarios en la función directiva (Registro nro. 29086)

Detalles MARC
000 -LEADER
fixed length control field 00417 a2200109 4500
001 - CONTROL NUMBER
control field ART_26194
005 - DATE AND TIME OF LATEST TRANSACTION
control field 20260410161936.0
008 - FIXED-LENGTH DATA ELEMENTS--GENERAL INFORMATION
fixed length control field 260409a
100 1# - MAIN ENTRY--PERSONAL NAME
Personal name Etkin, Jorge Ricardo
245 10 - TITLE STATEMENT
Title Bases conceptuales de la gestión socialmente responsable la superación ética de los criterios pragmáticos y utilitarios en la función directiva
773 0# - HOST ITEM ENTRY
Title SaberEs
Related parts - Nº 1 (jun. 2009)
Record control number REV26089

No hay ítems disponibles.